| 000 | 00332nam a2200133Ia 4500 | ||
|---|---|---|---|
| 008 | 190216s9999||||xx |||||||||||||| ||und|| | ||
| 100 | _aJohn M Coulter And Charles J Chamberlain | ||
| 245 | 0 | _aMorphology Of Gymnosperms | |
| 250 | _a1st Ed. | ||
| 260 |
_bCentral Book Depot _c1964 |
||
| 300 | _a466 | ||
| 650 | _aBotany | ||
| 942 | _cBK | ||
| 999 |
_c1158 _d1158 |
||